000 00985nam a2200313 a 4500
001 vtls000194880
003 NLI
005 20210602113402.0
008 101125s1942 iau 001 0 eng
020 _cUSD 01.30
039 9 _y201011252316
_zVLOAD
040 0 _aNLI
_beng
_cDatasoft 1
_eAACR2
041 0 _aeng
044 _aiau
082 0 4 _a333.76
100 1 _aBunce, Arthur C.
_q(Arthur Cyril),
_d1901-1953
_9376646
245 1 4 _aThe economics of soil conservation /
_cArthur C. Bunce
260 _aAmes :
_bLowa State College Press,
_c1942
300 _axv, 227 p. ;
_c24 cm.
500 _aIncludes index
650 0 _aSoil conservation
_918181
650 0 _aAgriculture
_xEconomic aspects
887 _a
901 _a380525
_b32.02.1966
902 _aE 333.76 B 881
942 _2ddc
_cBKS
949 _AVIRTUAITEM
_D10000
_X100
_6PUR000380525ENG
999 _aVIRTUA40
_c202170
_d202170
999 _aVTLSSORT0080*0200*0400*0410*0440*0820*1000*2450*2600*3000*5000*6500*6501*9010*9020*9490*9991